000 00357nam a2200133Ia 4500
008 151001s9999||||xx |||||||||||||| ||und||
100 _aउषा यादव
245 _aसुनो जयंती
250 _a1
260 _b"देव पुस्तक मंदिर ,दिल्ली"
260 _c2012
300 _a208
365 _b21
999 _c999430
_d999427